15 Largest Cities in Greece🇬🇷 - Statistics

General Stats
  • This quiz has been taken 61 times
  • The average score is 6 of 15
Answer Stats
Population City % Correct
664k Athens
100%
354k Thessaloniki
93%
168k Patra
70%
86k Volos
63%
137k Irakleion
53%
163k Piraeus
50%
144k Larisa
43%
99k Acharnes
18%
87k Glyfada
15%
139k Peristeri
15%
100k Kallithea
13%
91k Kalamaria
10%
84k Ilion
8%
78k Ilioupoli
8%
89k Nikaia
8%
No matching quizzes found
Score Distribution
Percent of People with Each Score
Percentile by Number Answered
Your Score History
You have not taken this quiz